000 01537cam a2200181 4500500
005 20251228094924.0
041 _afre
042 _adc
100 1 0 _aMuhana, Adma
_eauthor
245 0 0 _aEcfrase de Santa Cecília
260 _c2010.
500 _a13
520 _aCet article est une tentative d’interprétation de la statue de sainte Cécile sculptée par Stefano Maderno entre 1599 et 1600. L’auteur montre comment la déposition de la statue dans un cercueil transparent au centre de la basilique en fait un substitut du corps mort et évoque sa cécité et, en conséquence, sa vocation de patronne de la musique.
520 _aThis article suggests an interpretation of the statue of Saint Cecilia sculpted by Stefano Maderno between 1599 and 1600. The author shows that the statue, laid out in a transparent coffin at the centre of the church, becomes a substitute for the saint’s corpse. He also deals with Cecilia’s blindness and her resulting vocation as the patron saint of music.
520 _aTrata-se de uma tentativa de interpretação da estátua de Santa Cecília esculpida por Stefano Maderno entre 1599 e 1600. Demonstra-se como a deposição da estátua num esquife transparente no centro da Basílica, torna-a substituta do corpo morto e sugere sua caracterização como privada da visão e concomitantemente patrona da música.
786 0 _nSigila | 25 | 1 | 2010-03-01 | p. 141-149 | 1286-1715
856 4 1 _uhttps://shs.cairn.info/revue-sigila-2010-1-page-141?lang=fr&redirect-ssocas=7080
999 _c1605049
_d1605049